Histoire de France - Facile 🇫🇷 - Statistiques

Statistiques générales
  • Ce quiz a Ă©tĂ© pris 698 fois
    491 depuis la dernière actualisation
  • Le rĂ©sultat moyen est 8 sur 10
Statistiques - réponses
Question Réponse % Correct
En quelle année a eu lieu la Révolution française ? 1789
98%
Quel roi français a construit le château de Versailles ? Louis XIV
98%
Quel événement a marqué la fin du règne de Napoléon Bonaparte en France ? La défaite à la bataille de Waterloo
96%
Quel roi français a été guillotiné pendant la Révolution française ? Louis XVI
96%
Qui était la célèbre héroïne de la guerre de Cent Ans qui aida à mener la France à la victoire contre les Anglais ? Jeanne d'Arc
95%
Quel roi est connu sous le nom de "Roi-Soleil" ? Louis XIV
93%
Qui a écrit "Les Misérables" ? Victor Hugo
91%
En quelle année a été signée la Déclaration des droits de l'homme et du citoyen ? 1789
83%
Quelle bataille célèbre a eu lieu en 1066, mettant fin à la conquête normande de l'Angleterre ? Bataille de Hastings
73%
Qui était le chef militaire français lors de la guerre de Cent Ans, qui a été capturé lors de la bataille d'Azincourt en 1415 ? Jean le Bon
24%
Aucun quiz correspondant
Distribution des résultats
% des personnes avec chaque résultat
Percentile par nombre de réponses
Votre historique - résultats
Vous n’avez pas pris ce quiz depuis la dernière actualisation